Cirkulárny model: výzva pre módny priemysel bakalárska práca

Gespeichert in:
Bibliographische Detailangaben
1. Verfasser: Hincová, Patrícia
Körperschaft: Obchodná fakulta EU. Katedra medzinárodného obchodu
Weitere Verfasser: Pásztorová, Janka, 1960-
Format: Buch
Sprache:Slowakisch
Veröffentlicht: Bratislava 2025
Tags: Tag hinzufügen
Keine Tags, Fügen Sie das erste Tag hinzu!

MARC

LEADER 00000nbm a2200000 4500
001 0311088
005 20251106104153.9
041 0 |a slo 
044 |a SK 
245 1 0 |a Cirkulárny model: výzva pre módny priemysel  |b bakalárska práca  |c Patrícia Hincová ; školiteľ: Janka Pásztorová 
264 1 |a Bratislava  |c 2025 
300 |a 63 s. 
100 1 |a Hincová, Patrícia 
700 1 |a Pásztorová, Janka, 1960- 
710 2 |a Obchodná fakulta EU. Katedra medzinárodného obchodu